00453nam a2200145Ia 4500008004100000041000800041100001000049245002900059260002800088300000900116520002500125999001900150650001600169952012200185230818s1986 xx 000 0 und d aeng aJay J aModern Food Microbiology bC.B.S.Publicationc1986 a642p aGeneral | Hard Board c853611d853611 aFood Safety 00104070aHMMbHMMd2023-08-18eBombay Book Bureaug200.00l0pHMM-B59r2023-08-18 00:00:00v200.00w2023-08-18yBK